| 000 | 00560nam a2200193 a 4500 | ||
|---|---|---|---|
| 005 | 20221118063507.0 | ||
| 008 | 991125s1992 mx 000 0 spa u | ||
| 020 | _a9682941709 | ||
| 035 | _aUPN01000027157 | ||
| 049 | _aI | ||
| 050 | 4 |
_aPZ73 _bM6.5 |
|
| 100 | 1 |
_aMontes, Graciela, _d1947- _927926 |
|
| 245 | 1 | 0 |
_aHabía una vez una [casa] / _cGraciela Montes, Oscar Rojas. |
| 260 |
_aMéxico : _bSEP, _c1992. |
||
| 300 |
_a[20] p. : _bil. |
||
| 650 | 4 |
_aLectura _xEstudio y enseñanza (Elemental) _92805 |
|
| 700 | 1 |
_aRojas, Oscar, _ecoaut. |
|
| 905 | _aInfantil | ||
| 999 |
_c27157 _d27157 |
||